000 00496nam a2200181Ia 4500
008 230917s9999||||xx |||||||||||||| ||und||
020 _cRS465
040 _e224111
_aMAIN
041 _aEnglish
082 _a510.2462 P853A(3)
100 _aPotter, Merle C
245 0 _aAdvanced engineering mathematics
250 _a3rd ed.
260 _aNew Delhi
_bOxford University Press India
_c2012
300 _axii, 739 p.
500 _a1933 05/02/2015 IBC 3387 19/02/2015 Main Budget
942 _cBK
999 _c14468
_d14468